00732cam a2200229 a 4500001000800000005001700008008004100025010001700066020002900083040001800112041000800130080001400138082001800152100000700170101000800177245010100185504002900286906004500315942001200360999001700372952011300389235808820180215071831.0840130s1983 gw a b 000 0 eng  a 83162961  a0387119981 (U.S. : pbk.) aDLCcDLCdDLC aeng a338.5 BEC00a338.5 BEC219 a52 aEKO00aTechnology, organization, and economic structure :cedited by Ryuzo Sato and Martin J. Beckmann. aIncludes bibliographies. a7bcbccorignewd3encipf19gy-gencatlg 2ddccBK c42663d42663 00102udc40708PËKGa002b002cPËKGd2018-02-15l0o338.5 BECp002-2998497r2018-02-15w2018-02-15yBK